000
00289nam a22001337a 4500
008
170525b xxu||||| |||| 00| 0 eng d
020
_a
9781898563327
041
_a
eng
080
_a
621.38
100
_a
26
101
_a
IM
245
_a
MICROELECTRONIC
_c
BONIFACE.D.M
942
_2
udc
_c
BK
999
_c
14229
_d
14229